MARC

LEADER 00000nam0a2200000 4500
001 34919
005 20231030231837.0
035 |a (RuTPU)RU\TPU\book\35333 
035 |a BOOK00001985 
090 |a 34919 
100 |a 20011210d1973 m y0rusy50 ca 
101 0 |a rus 
102 |a RU 
105 |a y j 000zy 
200 1 |a Введение в теорию подобия  |e учебное пособие  |f А. А. Гухман 
205 |a 2-е изд., доп. и перераб. 
210 |a Москва  |c Высшая школа  |d 1973 
215 |a 295 с. 
610 1 |a математические модели 
610 1 |a учебные пособия 
610 1 |a теория 
610 1 |a точное моделирование 
610 1 |a приближенное моделирование 
610 1 |a размерности 
610 1 |a среды 
610 1 |a жидкости 
610 1 |a проектирование 
610 1 |a подобие 
675 |a 53.001.5(075.8)  |v 3 
700 1 |a Гухман  |b А. А.  |g Александр Адольфович 
801 0 |a RU  |b 63413507  |c 20011210  |g PSBO 
801 2 |a RU  |b 63413507  |c 20160329  |g PSBO 
900 |a Математические модели объектов проектирования 
942 |c BK